000 00548nam a2200181 4500
001 11283
005 20230410115706.0
008 060907n1997 dr spa
035 _9funglode11370
041 _aES
050 1 4 _aHG 3881 W853d 1997
100 _aWolfensohn, James D.
245 1 3 _aEl desafío de la inclusión /
_cJames D. Wolfensohn
260 _aHong Kong :
_bGrupo del Banco Mundial,
_c1997
300 _a24 p.
711 _aDiscurso ante la Junta de Gobernadores (23 de septiembre, 1997 : Hong Kong)
942 _2lcc
_cbk
999 _c46152
_d46152